000 00428nam a2200181Ia 4500
001 18813
005 20260306171658.0
008 260306s9999||||xx |||||||||||||| ||und||
041 _aESP
082 _a658.5
_bL87
100 _aLópez Fernández, Rodrigo
_eAUT
245 0 _aLogística comercial
260 _c2010
300 _axi, 289 páginas :
_c27 cm.
650 _aGEN
654 _aCAN
942 _cLIB
_dJUS
_fJUS
_2ddc
_n
999 _c18813
_d18813